Genomes of foodborne and waterborne pathogens (Record no. 138820)
[ view plain ]
| 000 -LEADER | |
|---|---|
| fixed length control field | 01352nam a2200349Ia 4500 |
| 245 00 - TITLE STATEMENT | |
| Title | Genomes of foodborne and waterborne pathogens |
| 260 ## - PUBLICATION, DISTRIBUTION, ETC. (IMPRINT) | |
| Place of publication | Washington, DC : |
| Name of publisher | ASM Press, |
| Year of publication | c2011. |
| 300 ## - PHYSICAL DESCRIPTION | |
| Number of Pages | xii, 352 p. : |
| Other physical details | ill. |
| 650 #0 - SUBJECT ADDED ENTRY--TOPICAL TERM | |
| Topical Term | Food |
| Topical Term | Water |
| Topical Term | Microbial genetics. |
| 700 1# - ADDED ENTRY--PERSONAL NAME | |
| Personal name | Fratamico, Pina M. |
| Personal name | Liu, Yanhong, |
| Personal name | Kathariou, Sophia. |
| 856 40 - ELECTRONIC LOCATION AND ACCESS | |
| Uniform Resource Identifier | http://site.ebrary.com/lib/rucke/Doc?id=10451036 |
No items available.
